00000000nam##2200000za#4500
0019.616900
003CaOODSP
00520210615101836
007ta
008150406|2004||||xxc|||||     f|0| 0 eng|d
022 |a0706-6473
040 |aCaOODSP|beng
043 |an-cn---
0861 |aFs97-4/2679E
1101 |aCanada. |bDepartment of Fisheries and Oceans.
24510|aJuvenile chinook production in the Cowichan River, 2002 / |cby D.A. Nagtegaal et al.
260 |aBurlington - Ontario : |bFisheries and Oceans Canada |c2004.
300 |avi, 35p. : |bgraphs, map, references, tables ; |c28 cm.
4901 |aCanadian manuscript report of fisheries and aquatic sciences|x0706-6473|v2679
500 |aOn title page: Fisheries and Oceans Canada, Sciences Branch, Pacific Region, Pacific Biological Station, Nanaimo, British Columbia V9T 6N7.
5203 |aThis report is part of a series that contains scientific and technical information that contributes to existing knowledge but deals with national or regional problems. They are distributed to institutions and individuals in the relevant areas of Canada. The subject matter reflects the interests and policies of the Department of Fisheries and Oceans.
546 |a(Résumés en français.)
563 |aSoftcover
590 |a04-24|b2004-06-11
7201 |aNagtegaal, D. A.
7760#|tJuvenile Chinook production in the Cowichan River, 2002 / |w(CaOODSP)9.579984
830#0|aCanadian manuscript report of fisheries and aquatic sciences,|x0706-6473|v2679|w(CaOODSP)9.514688